000 00327nam a22001457a 4500
008 221201b ||||| |||| 00| 0 eng d
020 _a9780130278043
041 _aeng
080 _2SECOND EDITION
_a37
082 _a37BOD
100 _a22.2
101 _aEDU
245 _aTOOLS OF THE MIND
_cBODROVA E
942 _2udc
_cBK
999 _c59054
_d59054